Parts of Flags - Africa - Statistics

General Stats
  • This quiz has been taken 83 times
  • The average score is 12 of 15
Answer Stats
Picture Answer % Correct
Chad
96%
Senegal
93%
Angola
91%
Somalia
91%
Cape Verde
89%
Lesotho
89%
Madagascar
89%
Niger
87%
Botswana
83%
Gabon
83%
Mauritania
81%
South Sudan
76%
Guinea-Bissau
70%
Mauritius
61%
Comoros
30%
No matching quizzes found
Score Distribution
Percent of People with Each Score
Percentile by Number Answered
Your Score History
You have not taken this quiz